KOHA-Header-6

Objective Biochemistry (Record no. 12780)

000 -LEADER
fixed length control field 00287nam a22001217a 4500
020 ## - INTERNATIONAL STANDARD BOOK NUMBER
ISBN 9789382127956
082 ## - DEWEY DECIMAL CLASSIFICATION NUMBER
Classification number 574.192
100 ## - MAIN ENTRY--AUTHOR NAME
Personal name Dr.Chawla Rajinder & Dr.chawla Neena
245 ## - TITLE STATEMENT
Title Objective Biochemistry
260 ## - PUBLICATION, DISTRIBUTION, ETC. (IMPRINT)
Place of publication India
Name of publisher Ane Books
Year of publication 2014
300 ## - PHYSICAL DESCRIPTION
Number of Pages 438 pages
942 ## - ADDED ENTRY ELEMENTS (KOHA)
Koha item type Books
Holdings
Withdrawn status Lost status Collection code Permanent Location Current Location Shelving location Date acquired Full call number Accession Number Koha item type
    Bio Sciences MAJU MAJU Shelf No.A36 2020-12-03 574.192 9928 Bio Science

Powered by Koha